Mario Kart Items - Statistics

General Stats
  • This quiz has been taken 89 times
  • The average score is 25 of 36
Answer Stats
Hint Answer % Correct
Super Mario Kart Banana
97%
Super Mario Kart Green Shell
97%
Super Mario Kart Red Shell
97%
Super Mario Kart Mushroom
95%
Mario Kart 64 Spiny Shell
94%
Super Mario Kart Star
86%
Super Mario Kart Boo
85%
Mario Kart DS Bullet Bill
85%
Mario Kart 64 Golden Mushroom
83%
Mario Kart 64 Triple Green Shells
83%
Mario Kart 64 Triple Red Shells
83%
Super Mario Kart Coin
79%
Super Mario Kart Lightning
79%
Mario Kart DS Triple Bananas
76%
Mario Kart 64 Triple Mushrooms
76%
Mario Kart 64 Fake Item Box
70%
Super Mario Kart Feather
68%
Mario Kart: Double Dash!! Bob-omb
65%
Mario Kart Wii Mega Mushroom
64%
Mario Kart 7 Fire Flower
62%
Mario Kart 7 Lucky Seven
62%
Mario Kart DS Blooper
61%
Mario Kart Wii Thunder Cloud
61%
Mario Kart: Double Dash!! Chain Chomp
59%
Mario Kart 8 Crazy Eight
59%
Mario Kart 8 Piranha Plant
59%
Mario Kart Wii POW Block
58%
Mario Kart: Double Dash!! Bowser's Shell
55%
Mario Kart 8 Boomerang Flower
52%
Mario Kart: Double Dash!! Fireballs
52%
Mario Kart: Double Dash!! Heart
52%
Mario Kart 8 Super Horn
50%
Mario Kart: Double Dash!! Giant Banana
47%
Mario Kart: Double Dash!! Yoshi's/Birdo's Egg
44%
Mario Kart 7 Super Leaf
42%
Mario Kart 64 Banana Bunch
38%
No matching quizzes found
Score Distribution
Percent of People with Each Score
Percentile by Number Answered
Your Score History
You have not taken this quiz